000 00302nam a2200133Ia 4500
100 _aHolmes/ Flanders
942 _cBK
654 _aC++ Communications utilities
245 _aC++ Communications Utilities
260 _bBPB
_aNew Delhi
_c1994
082 _a5.713
546 _aENGLISH
999 _c19928
_d19928